书目信息 |
| 题名: |
新型宝马汽车电脑端口针脚详解
|
|
| 作者: | 轩浩 主编 | |
| 分册: | ||
| 出版信息: | 北京 化学工业出版社 2016.8 |
|
| 页数: | 239页 | |
| 开本: | 26cm | |
| 丛书名: | ||
| 单 册: | ||
| 中图分类: | U463.67 | |
| 科图分类: | ||
| 主题词: | 汽车--计算机控制系统--接线端子 | |
| 电子资源: | ||
| ISBN: | 978-7-122-27201-0 | |
| 000 | 00986nam0 2200229 450 | |
| 001 | 0400002867 | |
| 005 | 20171021151830.0 | |
| 010 | @a978-7-122-27201-0@dCNY69.00 | |
| 100 | @a20160923d2016 em y0chiy50 ea | |
| 101 | 0 | @achi |
| 102 | @aCN@b110000 | |
| 105 | @aak z 000yy | |
| 106 | @ar | |
| 200 | 1 | @a新型宝马汽车电脑端口针脚详解@9xin xing bao ma qi che dian nao duan kou zhen jiao xiang jie@f轩浩主编 |
| 210 | @a北京@c化学工业出版社@d2016.8 | |
| 215 | @a239页@c图@d26cm | |
| 330 | @a本书将宝马常见车型电控单元(ECU)端口针脚功能注解汇编成册,所选车型既有较新年款,如F02、F18、F20、F25、F35等;同时还兼顾老款车型,如E60、E66、E87、E90等。所选内容包括:发动机控制系统、自动变速器控制系统、便捷进入与启动系统、一体式底盘管理系统、主动转向系统、动态稳定性控制系统、垂直动态管理系统、电子高度控制系统等。 | |
| 606 | 0 | @a汽车@x计算机控制系统@x接线端子 |
| 690 | @aU463.67@v5 | |
| 701 | 0 | @a轩浩@9xuan hao@4主编 |
| 801 | 0 | @aCN@b91MARC@c20171021 |
| 905 | @b1035191-5@dU463.67@f5@e622 | |
| 新型宝马汽车电脑端口针脚详解/轩浩主编.-北京:化学工业出版社,2016.8 |
| 239页:图;26cm |
| ISBN 978-7-122-27201-0:CNY69.00 |
| 本书将宝马常见车型电控单元(ECU)端口针脚功能注解汇编成册,所选车型既有较新年款,如F02、F18、F20、F25、F35等;同时还兼顾老款车型,如E60、E66、E87、E90等。所选内容包括:发动机控制系统、自动变速器控制系统、便捷进入与启动系统、一体式底盘管理系统、主动转向系统、动态稳定性控制系统、垂直动态管理系统、电子高度控制系统等。 |
| ● |
| 相关链接 |
|
|
|
|
正题名:新型宝马汽车电脑端口针脚详解
索取号:U463.67/622
 
预约/预借
| 序号 | 登录号 | 条形码 | 馆藏地/架位号 | 状态 | 备注 |
| 1 | 1035191 | 210351910 | 第二样本阅览室/ [索取号:U463.67/622] | 在馆 | |
| 2 | 1035192 | 210351929 | 密集书库-物理学院/ [索取号:U463.67/622] | 在馆 | |
| 3 | 1035193 | 210351938 | 第三借阅区/ [索取号:U463.67/622] | 在馆 | |
| 4 | 1035194 | 210351947 | 第三借阅区/ [索取号:U463.67/622] | 在馆 | |
| 5 | 1035195 | 210351956 | 第三借阅区/ [索取号:U463.67/622] | 在馆 |